000 00480nam a2200181Ia 4500
003 GCL
008 140319s9999 xx 000 0 eng d
040 _aGCL /
_cGCL
082 0 4 _a635
_bP B
100 1 _aPTEECE, JOHNE
245 1 0 _aTHE BIOLOGY OF HORTICULTURE: AN INTRODUCTORY TEXTBOOK /
_cPTEECE, JOHNE
700 1 _aREAD, PAULE
260 _a[S.N] :
_bJOHN WILEY AND SONS. INC ،
_c1993
300 _a480
650 0 4 _aHORTICULTURE
650 0 4 _aBOTANG
942 _2ddc
_cBK
999 _c24702
_d24702